banner koha

Fatores que influenciam a produção de leite, a duração da lactação e a produção por dia de intervalo de partos de vacas mestiças Holandês-Gir (Registro n. 69494)

MARC details
000 -LÍDER
campo de controle de tamanho fixo 01172nam a22003617a 4500
001 - NÚMERO DE CONTROLE
campo de controle BR0602580
003 - IDENTIFICADOR DO NÚMERO DE CONTROLE
campo de controle BR-BrBNA
005 - DATA E HORÁRIO DA ÚLTIMA TRANSAÇÃO
campo de controle 20230928102155.0
007 - CAMPO FIXO DE DESCRIÇÃO FÍSICA--INFORMAÇÃO GERAL
campo de controle de tamanho fixo ta
008 - CAMPO DE DADOS FIXOS--INFORMAÇÃO GERAL
campo de controle de tamanho fixo 230509b bl.||||| |||| 00| 0 por d
040 ## - FONTE DA CATALOGAÇÃO
Instituição da catalogação original BR-BrBNA
Idioma da catalogação por
Instituição que transcreveu o registro Biblioteca Nacional de Agricultura
041 ## - CÓDIGO DE IDIOMA
Código do idioma do texto/trilha sonora ou título diferente (Por)
072 ## - CÓDIGO DE CATEGORIA DE ASSUNTO
Código de Categoria de Assunto L01; L02
Código do objeto 5214
090 ## - NÚMERO DE CHAMADA LOCAL
-- 5214 BR0602580
100 1# - ENTRADA PRINCIPAL--NOME PESSOAL
Nome pessoal Glória, J.R. da
110 1# - ENTRADA PRINCIPAL--NOME CORPORATIVO
Nome corporativo ou nome da jurisdição Universidade Federal de Minas Gerais, Belo Horizonte (Brasil). Escola de Veterinária
Grau Universitário Tese (Mestre em Zootecnia)
245 1# - TÍTULO
Título Fatores que influenciam a produção de leite, a duração da lactação e a produção por dia de intervalo de partos de vacas mestiças Holandês-Gir
260 3# - PUBLICAÇÃO, DISTRIBUIÇÃO, ETC.
Local de publicação, distribuição, etc. Belo Horizonte, MG (Brasil):
Data da publicação, distribuição, etc. 2004.
300 ## - DESCRIÇÃO FÍSICA
Extensão 49 p.
500 ## - NOTA GERAL
Nota geral Summaries (Eng, Por); 44 ref.; 18 tables; 13 illus.
650 ## - ASSUNTO--TERMO TÓPICO
Cabeçalho tópico ou nome geográfico VACA
650 ## - ASSUNTO--TERMO TÓPICO
Cabeçalho tópico ou nome geográfico INTERVALO DE PARTO
650 ## - ASSUNTO--TERMO TÓPICO
Cabeçalho tópico ou nome geográfico LEITE
650 ## - ASSUNTO--TERMO TÓPICO
Cabeçalho tópico ou nome geográfico PRODUÇÃO LEITEIRA
650 ## - ASSUNTO--TERMO TÓPICO
Cabeçalho tópico ou nome geográfico LACTAÇÃO
650 ## - ASSUNTO--TERMO TÓPICO
Cabeçalho tópico ou nome geográfico PERFORMANCE
650 ## - ASSUNTO--TERMO TÓPICO
Cabeçalho tópico ou nome geográfico GENÉTICA ANIMAL
650 ## - ASSUNTO--TERMO TÓPICO
Cabeçalho tópico ou nome geográfico GADO LEITEIRO
650 ## - ASSUNTO--TERMO TÓPICO
Cabeçalho tópico ou nome geográfico ALEITAMENTO
650 ## - ASSUNTO--TERMO TÓPICO
Cabeçalho tópico ou nome geográfico DESMAMA PRECOCE
909 ## -
-- 202309
-- Lucia
-- 55
-- Lucia Elande
942 ## - ELEMENTOS DE ENTRADA ADICIONADOS (KOHA)
Tipo de material Koha Livros
Exemplares
Situação do descarte Fonte da classificação ou esquema de arquivamento na estante Situação física Não pode ser emprestado Coleção Biblioteca de origem Biblioteca atual Total de empréstimos Número de telefone completo Código de barras Data de último acesso Número do exemplar Tipo de material Koha Situação das perdas Data de aquisição Fonte de aquisição
  Classificação AGRIS       Biblioteca Nacional de Agricultura - Binagri Biblioteca Nacional de Agricultura - Binagri   5214 BR0602580 5214 BR0602580 25/09/2023 01 Livros   2023-09-25 Portaria Interministerial nº 164/94

BINAGRI

Telefone: (61)3218-2567/2388/3357/2097 - binagri@agro.gov.br

Ministério da Agricultura e Pecuária , Esplanada dos Ministérios, Bloco D, Anexo B, Brasília/DF, CEP: 70.043-900